Gares sur la ligne classique entre Nantes et Rennes - Statistiques

Statistiques générales
  • Ce quiz a été pris 34 fois
  • Le résultat moyen est 11 sur 23
Statistiques - réponses
Département Gare % Correct
Loire-Atlantique (44) Nantes
96%
Ille-et-Villaine (35) Rennes
96%
(44) Savenay
70%
(35) Bruz
63%
(44) Couëron
59%
(44) Pontchâteau
56%
(44) Saint-Etienne-de-Montluc
52%
(44) Chantenay
48%
(44) La Basse-Indre - Saint-Herblain
44%
(44) Cordemais
41%
(44) Dréfféac
41%
(44) Massérac
41%
(44) Saint-Gildas-des-Bois
41%
(44) Sévérac
41%
Loire-Atlantique (44) Beslé
37%
(35) Messac-Guipry
37%
(35) Saint-Jacques-de-la-Lande
37%
(35) Laillé
33%
(35) Ker Lann
30%
Ille-et-Villaine (35) Fougeray-Langon
26%
(35) Guichen - Bourg-des-Comptes
26%
(35) Pléchâtel
26%
(35) Saint-Senoux - Pléchâtel
22%
Aucun quiz correspondant
Distribution des résultats
% des personnes avec chaque résultat
Percentile par nombre de réponses
Votre historique - résultats
Vous n’avez pas pris ce quiz